[Event "Mogi Guacu City-ch 3rd"]
[Site "Mogi Guacu"]
[Date "2023.03.19"]
[Round "9"]
[White "Trindade, Renan"]
[Black "Dos Santos, Joao Francisco"]
[Result "1/2-1/2"]
[WhiteElo "1767"]
[BlackElo "1638"]
[PlyCount "69"]
[EventDate "2023.03.17"]
[EventType "tourn"]
[EventRounds "9"]
[EventCountry "BRA"]
[SourceTitle "CBM 213 Extra"]
[Source "ChessBase"]
[SourceDate "2023.05.31"]
[SourceVersion "1"]
[SourceVersionDate "2023.05.31"]
[SourceQuality "1"]

1. e4 e5 2. a3 Nf6 3. Nc3 Nc6 4. Nf3 Bc5 5. h3 a6 6. Bc4 0-0 7. d3 h6 8. Be3 Bxe3 9. fxe3 Re8 10. Qd2 d6 11. 0-0-0 b5 12. Bb3 b4 13. Nd5 bxa3 14. bxa3 Nxd5 15. Bxd5 Bd7 16. Qc3 Na7 17. Bxa8 Nb5 18. Qc4 Qxa8 19. a4 Be6 20. Qb4 Na7 21. Qa5 Qb7 22. Kd2 Nc6 23. Qc3 Nb4 24. Rb1 c5 25. Rhe1 Qc7 26. Rxb4 Qa5 27. Rbb1 Qxa4 28. Ra1 Qc6 29. d4 Qxe4 30. dxc5 dxc5 31. Qxe5 Qb4+ 32. Ke2 Bc4+ 33. Kf2 Rxe5 34. Nxe5 Qd2+ 35. Kg1 1/2-1/2

[Event "Mogi Guacu op"]
[Site "Mogi Guacu"]
[Date "2022.09.24"]
[Round "4"]
[White "Dos Santos, Joao Francisco"]
[Black "De Freitas, Rames Fialho"]
[Result "1-0"]
[WhiteElo "1615"]
[BlackElo "1832"]
[PlyCount "111"]
[EventDate "2022.09.23"]
[EventType "swiss"]
[EventRounds "6"]
[EventCountry "BRA"]
[SourceTitle "EXT 2023"]
[Source "ChessBase"]
[SourceDate "2022.10.05"]
[SourceVersion "1"]
[SourceVersionDate "2022.10.05"]
[SourceQuality "1"]

1. e4 c5 2. Nf3 d6 3. Bb5+ Nc6 4. c3 Bd7 5. Ba4 Nf6 6. Bc2 e5 7. h3 Rc8 8. Na3 Be7 9. 0-0 0-0 10. d3 h6 11. Nc4 b5 12. Ne3 Be6 13. Nh2 d5 14. Neg4 Nxg4 15. Nxg4 f5 16. Nh2 dxe4 17. dxe4 Bc4 18. Re1 Qxd1 19. Rxd1 Rcd8 20. Rxd8 Rxd8 21. exf5 e4 22. Bf4 Bd3 23. Bd1 b4 24. Ba4 bxc3 25. bxc3 Nb8 26. f3 c4 27. Be3 Na6 28. fxe4 Bxe4 29. Bb5 Nc5 30. Bxc4+ Kf8 31. Bd4 Rb8 32. Ng4 Rb2 33. Ne3 Bb1 34. Nd1 Rb8 35. Ne3 a5 36. Be5 Rb2 37. Nd1 Rb6 38. Bc7 Rb7 39. Bxa5 Bxf5 40. Bb4 Na4 41. a3 Nb6 42. Ne3 Bxb4 43. cxb4 Nxc4 44. Nxf5 Kg8 45. Nd4 Rd7 46. Nc6 Rd2 47. Ne7+ Kf7 48. Nf5 Kg6 49. Nh4+ Kh5 50. Nf3 Rb2 51. a4 Rxb4 52. a5 Rb8 53. a6 Ra8 54. a7 Nd6 55. Ra6 Nc8 56. g4# 1-0

[Event "Mogi Guacu op"]
[Site "Mogi Guacu"]
[Date "2022.05.01"]
[Round "5"]
[White "Bornelli, David Caixeta"]
[Black "Dos Santos, Joao Francisco"]
[Result "1-0"]
[WhiteElo "1936"]
[BlackElo "1866"]
[PlyCount "63"]
[EventDate "2022.04.29"]
[EventType "swiss"]
[EventRounds "6"]
[EventCountry "BRA"]
[SourceTitle "CBM 208 Extra"]
[Source "ChessBase"]
[SourceDate "2022.07.31"]
[SourceVersion "1"]
[SourceVersionDate "2022.07.31"]
[SourceQuality "1"]

1. e4 d6 2. d4 c6 3. f4 e6 4. Nf3 d5 5. e5 Bb4+ 6. c3 Be7 7. Bd3 b6 8. 0-0 Ba6 9. f5 Bxd3 10. Qxd3 Qd7 11. fxe6 Qxe6 12. Bg5 Qg6 13. Qxg6 hxg6 14. Bxe7 Kxe7 15. Nbd2 Na6 16. Rae1 Nc7 17. Ng5 Nh6 18. Ndf3 Ne6 19. Nxe6 Kxe6 20. Ng5+ Ke7 21. g3 Raf8 22. Nf3 a6 23. Nh4 Ke6 24. Re2 g5 25. Nf3 g4 26. Nh4 g6 27. Rf6+ Kd7 28. Ref2 Re8 29. Rd6+ Ke7 30. Rxc6 Rb8 31. Rff6 g5 32. Rxh6 1-0

[Event "Mogi Guacu op"]
[Site "Mogi Guacu"]
[Date "2022.04.29"]
[Round "1"]
[White "Dos Santos, Joao Francisco"]
[Black "De Almeida Profeta, Thiago Antonio"]
[Result "0-1"]
[WhiteElo "1866"]
[BlackElo "1826"]
[PlyCount "84"]
[EventDate "2022.04.29"]
[EventType "swiss"]
[EventRounds "6"]
[EventCountry "BRA"]
[SourceTitle "CBM 208 Extra"]
[Source "ChessBase"]
[SourceDate "2022.07.31"]
[SourceVersion "1"]
[SourceVersionDate "2022.07.31"]
[SourceQuality "1"]

1. e4 c5 2. Nf3 d6 3. d4 cxd4 4. Nxd4 Nf6 5. Nc3 a6 6. Be3 Ng4 7. Bg5 h6 8. Bh4 g5 9. Bg3 Bg7 10. Be2 Ne5 11. Qd2 Nbc6 12. Nb3 b5 13. Rd1 Rb8 14. a3 Nc4 15. Qc1 Bb7 16. f3 N6e5 17. Bf2 Ng6 18. Nc5 Qa5 19. Nb3 Bxc3+ 20. bxc3 Qxc3+ 21. Kf1 Qf6 22. Bxc4 bxc4 23. Na5 Ne5 24. Qb1 0-0 25. Nxb7 Qe6 26. Ba7 Ra8 27. Qb6 Qd7 28. Rb1 Nc6 29. h4 Rxa7 30. hxg5 Rb8 31. Qe3 Raxb7 32. Rb4 Nxb4 33. gxh6 Kh7 34. Qd4 e5 35. Qd2 Nxc2 36. Rh5 Rb1+ 37. Kf2 Nd4 38. Kg3 Qe6 39. Rh4 Qg6+ 40. Rg4 Qf6 41. Rg7+ Kh8 42. Qa2 Qf4+ 0-1

[Event "Sao Paulo op-B U2050 8th"]
[Site "Sao Paulo"]
[Date "2019.10.19"]
[Round "3"]
[White "Dos Santos, Joao Francisco"]
[Black "Sousa, Fabio de Fatima"]
[Result "1-0"]
[WhiteElo "1651"]
[BlackElo "1702"]
[PlyCount "77"]
[EventDate "2019.10.17"]
[EventType "swiss"]
[EventRounds "6"]
[EventCountry "BRA"]
[SourceTitle "CBM 192 Extra"]
[Source "Chessbase"]
[SourceDate "2019.11.06"]
[SourceVersion "1"]
[SourceVersionDate "2019.11.06"]
[SourceQuality "1"]

1. e4 c5 2. d3 d5 3. Nd2 Nc6 4. g3 Nf6 5. Bg2 g6 6. Ngf3 Bg7 7. 0-0 0-0 8. Re1 Qc7 9. c3 b6 10. Nf1 Rd8 11. Qc2 Ba6 12. e5 Ng4 13. d4 cxd4 14. cxd4 Rac8 15. Bf4 Nxd4 16. Qxc7 Nxf3+ 17. Bxf3 Rxc7 18. Bxg4 Rc2 19. Rab1 e6 20. Rec1 Rdc8 21. Rxc2 Rxc2 22. h4 h5 23. Bh3 d4 24. Nd2 Bxe5 25. Bxe5 Rxd2 26. Rc1 Bb7 27. Bf1 f5 28. Bc4 Kf7 29. b4 Bd5 30. a4 d3 31. Bf4 Rc2 32. Bxd3 Rb2 33. Rc7+ Kf6 34. Bg5+ Ke5 35. f4+ Kd6 36. Rxa7 Rg2+ 37. Kf1 Rxg3 38. Be7+ Kc6 39. b5# 1-0

[Event "Sao Paulo op-B U2050 8th"]
[Site "Sao Paulo"]
[Date "2019.10.17"]
[Round "1"]
[White "Dos Santos, Joao Francisco"]
[Black "Seccafim, Caic Dos Santos"]
[Result "0-1"]
[WhiteElo "1651"]
[BlackElo "1852"]
[PlyCount "91"]
[EventDate "2019.10.17"]
[EventType "swiss"]
[EventRounds "6"]
[EventCountry "BRA"]
[SourceTitle "CBM 192 Extra"]
[Source "Chessbase"]
[SourceDate "2019.11.06"]
[SourceVersion "1"]
[SourceVersionDate "2019.11.06"]
[SourceQuality "1"]

1. e4 e6 2. d4 d5 3. e5 c5 4. Nf3 cxd4 5. Nxd4 Bc5 6. Nb3 Bb6 7. Qg4 g6 8. Bd3 Nc6 9. Qe2 f6 10. exf6 Qxf6 11. Nc3 Nge7 12. Bh6 Bd7 13. Na4 Nd4 14. Nxd4 Bxd4 15. Bb5 Nc6 16. c3 Be5 17. h4 a6 18. Nb6 axb5 19. Nxa8 Qd8 20. Rd1 Qxa8 21. f4 Bf6 22. Rxd5 Qxa2 23. Rd3 Ne7 24. Bg5 Bg7 25. 0-0 b4 26. Rxd7 Kxd7 27. Qb5+ Kc8 28. Bxe7 bxc3 29. Qc5+ Kb8 30. Bd6+ Ka8 31. bxc3 Qa7 32. Qxa7+ Kxa7 33. Be5 Rg8 34. Bc7 Bxc3 35. Rf3 Bd4+ 36. Kf1 b6 37. Rd3 Bf6 38. Rd7 Rg7 39. Rxg7 Bxg7 40. g4 Kb7 41. Bd6 Kc6 42. Ba3 Kd5 43. Ke2 Ke4 44. Bd6 Bh6 45. g5 Bg7 46. Bc7 0-1

[Event "Sao Paulo op-B U2050 6th"]
[Site "Sao Paulo"]
[Date "2017.04.15"]
[Round "4"]
[White "De Mello, Amanda Carolina"]
[Black "Dos Santos, Joao Francisco"]
[Result "1/2-1/2"]
[WhiteElo "1902"]
[BlackElo "1685"]
[PlyCount "68"]
[EventDate "2017.04.14"]
[EventType "swiss"]
[EventRounds "6"]
[EventCountry "BRA"]
[SourceTitle "EXT 2019"]
[Source "ChessBase"]
[SourceDate "2018.10.10"]
[SourceVersion "1"]
[SourceVersionDate "2018.10.10"]
[SourceQuality "1"]

1. c4 Nf6 2. Nc3 g6 3. g3 Bg7 4. Bg2 0-0 5. e3 d6 6. Nge2 c6 7. 0-0 Na6 8. a3 Nc7 9. b4 Rb8 10. Bb2 Re8 11. b5 a6 12. a4 Na8 13. Qc2 Bf5 14. d3 Bd7 15. Nd4 c5 16. Nf3 a5 17. Rab1 b6 18. Ng5 Qc8 19. Rfe1 Nc7 20. Rbd1 h6 21. Nge4 Bh3 22. Nxf6+ Bxf6 23. Bh1 Bf5 24. e4 Bg4 25. Rd2 Ne6 26. h4 Nd4 27. Qc1 Bf3 28. Bg2 Bxg2 29. Kxg2 Nb3 30. Qd1 Nxd2 31. Qxd2 Bg7 32. Nd5 Rb7 33. e5 Qd7 34. f4 e6 1/2-1/2